000 00992nas a2200337 4500
001 BR2013006368
003 BR-BrBNA
005 20231205122753.0
007 ta
008 230509b bl.|||p| |||| 00| 00por d
040 _aBR-BrBNA
_bpor
_cBiblioteca Nacional de Agricultura
041 _a(Pt)
072 _aQ04; F01
100 1 _aZalamena, J.
100 1 _aCassol, P.C.
100 1 _aBrunetto, G.
100 1 _aPanisson J.
100 1 _aMarcon Filho, J.L.
100 1 _aSchlemper, C.
245 1 _aProdutividade e composição de uva e de vinho de videiras consorciadas com plantas de cobertura
650 _aUVA
650 _aVITIS VINIFERA
650 _aVINHO
650 _aADUBO VERDE
650 _aCOMPOSIÇÃO QUÍMICA
650 _aMANEJO
650 _aPRODUTIVIDADE
773 0 _tPesquisa Agropecuária Brasileira (Brazil)
_xISSN 0100-203X
_g(Feb 2013), v. 48(2) p. 182-189
_wBR2013006368
909 _a202311
_bLúcia
_c55
_dLúcia Elande
942 _2AGRIS
_n0
_cANA
999 _c230464
_d230464